000 00377nam a22001577a 4500
003 macl
005 20240711132352.0
008 231221b |||||||| |||| 00| 0 eng d
040 _cmacl
082 _a400
100 _aSC Gupta
_917301
245 _a Objective English for competitive examinations
260 _bArihant pub.
650 _a English
_982078
942 _2ddc
_cBK
999 _c66410
_d66410